000 00294nam a2200109Ia 4500
008 200302s9999 xx 000 0 und d
100 _aEdward Hutchison
245 _aDrawing for Landscape Architecture Sketch to Screen to Site
260 _bThomes & Hudson.com
260 _c2011
300 _a240
999 _c3373
_d3373